000 00839nam a2200229Ia 4500
001 16878
003 GE_BSU
008 181216s||||||||xx |||||||||||||| ||und||
040 _cGE_BSU
080 _a821.353.1-7
100 _aგერსამია, იასონ
245 _aროგორ ამარილებენ ზღვას
245 _bიუმორისტ. მოთხრობები და ფელეტონები.
245 _cრედ.მ,გვასალია
260 _aსოხუმი
260 _bალაშარა
260 _c1969
300 _a362გვ.18სმ
653 _aიუმორისტ. მოთხრობები და ფელეტონები.
653 _aროგორ ამარილებენ ზღვას
942 _cBK
999 _c49942
_d49942